[Event "Leitersdorf Region-ch"]
[Site "Leitersdorf"]
[Date "2017.01.08"]
[Round "5.22"]
[White "Stenitzer, Wilibald"]
[Black "Marakovits, Nico"]
[Result "1-0"]
[WhiteElo "1287"]
[BlackElo "1419"]
[PlyCount "85"]
[EventDate "2017.01.04"]
[EventType "swiss"]
[EventRounds "5"]
[EventCountry "AUT"]
[SourceTitle "EXT 2024"]
[Source "ChessBase"]
[SourceDate "2023.10.10"]
[SourceVersion "1"]
[SourceVersionDate "2023.10.10"]
[SourceQuality "1"]

1. e4 c5 2. Bc4 Nc6 3. a3 e6 4. Nc3 a6 5. d3 b5 6. Ba2 Bb7 7. Nge2 h6 8. Ng3 Nf6 9. Be3 Be7 10. 0-0 Qc7 11. Nh5 d6 12. Nxg7+ Kd7 13. Nh5 Rag8 14. Qf3 Nxh5 15. Qxh5 Nd8 16. f4 Kc8 17. f5 Bg5 18. Qf3 Kb8 19. Ne2 exf5 20. Bxg5 Rxg5 21. Ng3 fxe4 22. dxe4 Rf8 23. Bd5 Bxd5 24. exd5 Qb7 25. Rad1 Re8 26. Nf5 Qd7 27. Nxh6 Rg7 28. Qf5 Qc7 29. Rde1 Rh8 30. Qf6 Rgh7 31. Ng4 Nb7 32. Re7 Qc8 33. h3 Rf8 34. Qf5 Qxf5 35. Rxf5 c4 36. Nf6 Rhh8 37. Nd7+ Kc8 38. Nxf8 Rxf8 39. Rfxf7 Rxf7 40. Rxf7 Nc5 41. h4 Nd7 42. h5 Ne5 43. Ra7 1-0

[Event "Leitersdorf Region-ch"]
[Site "Leitersdorf"]
[Date "2017.01.04"]
[Round "1.19"]
[White "Stenitzer, Wilibald"]
[Black "Amtmann, Franz"]
[Result "0-1"]
[WhiteElo "1287"]
[BlackElo "1782"]
[PlyCount "40"]
[EventDate "2017.01.04"]
[EventType "swiss"]
[EventRounds "5"]
[EventCountry "AUT"]
[SourceTitle "EXT 2024"]
[Source "ChessBase"]
[SourceDate "2023.10.10"]
[SourceVersion "1"]
[SourceVersionDate "2023.10.10"]
[SourceQuality "1"]

1. e4 e5 2. Bc4 Nf6 3. d3 c6 4. Bg5 d6 5. h3 a5 6. a4 Be7 7. Nf3 Bd7 8. Nbd2 b5 9. axb5 cxb5 10. Bxf6 Bxf6 11. Bd5 Ra7 12. c4 b4 13. Qb3 0-0 14. Qc2 Na6 15. Nb3 a4 16. Nbd2 Qb8 17. Nh2 b3 18. Qc3 Nb4 19. 0-0 Na2 20. Ng4 Nxc3 0-1